Irish investors turn to UK and Europe (Record no. 72366)

MARC details
000 -LEADER
fixed length control field 01135cam a2200253 4500
001 - CONTROL NUMBER
control field WB3912-14
008 - FIXED-LENGTH DATA ELEMENTS--GENERAL INFORMATION
fixed length control field 030327n2003 000 0 eng u
035 ## - SYSTEM CONTROL NUMBER
System control number (Sirsi) u121762
245 ## - TITLE STATEMENT
Title Irish investors turn to UK and Europe
260 ## - PUBLICATION, DISTRIBUTION, ETC.
Date of publication, distribution, etc. 2003
490 ## - SERIES STATEMENT
Series statement Insignia Richard Ellis Gunne News
Volume/sequential designation 2003 (1)
520 ## - SUMMARY, ETC.
Summary, etc. According to Insignia Richard Ellis Gunne's (IREG) "Property investment monitor" in the first quarter 2003, investment in Irish property will fall from 900m (£610m) in 2002 to less than 500m (£339m) in 2003. Irish investors are switching their spend to the UK and Europe, drawn by favourable comparative yields. IREG claim, last year Irish investors accounted for over 20% of commercial property acquisitions in the UK by overseas investors. http://www.insignia-regunne.com/commercial/html/market_research2.html
590 ## - LOCAL NOTE (RLIN)
Local note WB
650 ## - SUBJECT ADDED ENTRY--TOPICAL TERM
Topical term or geographic name entry element IRELAND
650 ## - SUBJECT ADDED ENTRY--TOPICAL TERM
Topical term or geographic name entry element UNITED KINGDOM
650 ## - SUBJECT ADDED ENTRY--TOPICAL TERM
Topical term or geographic name entry element EUROPE
650 ## - SUBJECT ADDED ENTRY--TOPICAL TERM
Topical term or geographic name entry element OVERSEAS INVESTMENT
650 ## - SUBJECT ADDED ENTRY--TOPICAL TERM
Topical term or geographic name entry element PROPERTY-COMMERCIAL PROPERTY
650 ## - SUBJECT ADDED ENTRY--TOPICAL TERM
Topical term or geographic name entry element OFFICE RENTS
650 ## - SUBJECT ADDED ENTRY--TOPICAL TERM
Topical term or geographic name entry element YIELDS
650 ## - SUBJECT ADDED ENTRY--TOPICAL TERM
Topical term or geographic name entry element CAPITAL GROWTH
690 ## - LOCAL SUBJECT ADDED ENTRY--TOPICAL TERM (OCLC, RLIN)
Topical term or geographic name as entry element INVESTMENT
942 ## - ADDED ENTRY ELEMENTS (KOHA)
Suppress in OPAC 0
Holdings
Withdrawn status Lost status Source of classification or shelving scheme Damaged status Not for loan Home library Current library Shelving location Date acquired Total Checkouts Full call number Barcode Date last seen Copy number Price effective from Koha item type
    Dewey Decimal Classification     London London News article 27/03/2003   WB3912-14 121762-1001 06/08/2019 1 06/08/2019 News article